<?xml version="1.0" encoding="UTF-8"?><?xml-stylesheet type="text/xsl" href="static/style.xsl"?><OAI-PMH xmlns="http://www.openarchives.org/OAI/2.0/" xmlns:xsi="http://www.w3.org/2001/XMLSchema-instance" xsi:schemaLocation="http://www.openarchives.org/OAI/2.0/ http://www.openarchives.org/OAI/2.0/OAI-PMH.xsd"><responseDate>2026-06-03T05:37:50Z</responseDate><request verb="GetRecord" identifier="oai:riuma.uma.es:10630/15567" metadataPrefix="marc">https://riuma.uma.es/rest/oai/request</request><GetRecord><record><header><identifier>oai:riuma.uma.es:10630/15567</identifier><datestamp>2026-02-03T12:55:21Z</datestamp><setSpec>com_10630_5368</setSpec><setSpec>com_10630_3139</setSpec><setSpec>com_10630_10</setSpec><setSpec>col_10630_9803</setSpec></header><metadata><record xmlns="http://www.loc.gov/MARC21/slim" xmlns:dcterms="http://purl.org/dc/terms/" xmlns:doc="http://www.lyncode.com/xoai" xmlns:xsi="http://www.w3.org/2001/XMLSchema-instance" xsi:schemaLocation="http://www.loc.gov/MARC21/slim http://www.loc.gov/standards/marcxml/schema/MARC21slim.xsd">
   <leader>00925njm 22002777a 4500</leader>
   <datafield ind2=" " ind1=" " tag="042">
      <subfield code="a">dc</subfield>
   </datafield>
   <datafield ind2=" " ind1=" " tag="720">
      <subfield code="a">Montes Fernández, A</subfield>
      <subfield code="e">author</subfield>
   </datafield>
   <datafield ind2=" " ind1=" " tag="720">
      <subfield code="a">Rojo-Rodriguez, Juan</subfield>
      <subfield code="e">author</subfield>
   </datafield>
   <datafield ind2=" " ind1=" " tag="260">
      <subfield code="c">2015-03-30</subfield>
   </datafield>
   <datafield ind2=" " ind1=" " tag="520">
      <subfield code="a">El objetivo de este estudio es investigar si la utilización de un grip con fijaciones, aumenta la efectividad de golpeo de la volea en pádel.&#xd;
Un total de 5 sujetos (5 varones) con una edad media de 22,8±0,84 años, fueron reclutados para participar de una forma voluntaria en este estudio de diseño cuasi- experimental. La elección de la muestra fue intencional, enmarcados dentro de  los criterios de inclusión. Todos los sujetos realizaron unas sesiones de familiarización así como el «Test de efectividad de volea en pádel» con y sin el grip con fijaciones.&#xd;
Los resultados obtenidos nos muestran que los sujetos presentan mejores resultados de efectividad de volea cuando usan el grip con fijaciones (p&lt;0,01). Por ello, concluimos que el uso del grip con fijaciones en la mano es más efectivo en la volea en el pádel que el grip cotidiano.</subfield>
   </datafield>
   <datafield ind1="8" ind2=" " tag="024">
      <subfield code="a">https://hdl.handle.net/10630/15567</subfield>
   </datafield>
   <datafield tag="653" ind2=" " ind1=" ">
      <subfield code="a">Deportes</subfield>
   </datafield>
   <datafield ind2="0" ind1="0" tag="245">
      <subfield code="a">Análisis del uso del grip con fijaciones sobre la efectividad de la volea en pádel</subfield>
   </datafield>
</record>
</metadata></record></GetRecord></OAI-PMH>